| 000 | 00000nam 2200000za 4500 |
| 001 | 9.816643 |
| 003 | CaOODSP |
| 005 | 20221107142308 |
| 007 | cr ||||||||||| |
| 008 | 160502s2015||||onca||||o f00| 0aeng d |
| 040 | |aCaOODSP|beng |
| 041 | |aeng|afre |
| 043 | |an-cn--- |
| 086 | 1 |aIu96-4/2015-PDF |
| 245 | 00|aIndustrial and Technological Benefits (ITB) |h[electronic resource] = |bRetombées industrielles et technologiques (RIT). |
| 246 | 31|aRetombées industrielles et technologiques (RIT) |
| 260 | |a[Ottawa] : |bFederal Economic Development Agency for Southern Ontario, |cc2015. |
| 300 | |a2 p. : |bill. |
| 546 | |aText in English and French. |
| 690 | 07|aTechnology development|2gcpds |
| 710 | 2 |aFederal Economic Development Agency for Southern Ontario (Canada) |
| 792 | |tIndustrial and Technological Benefits (ITB) |efre|w(CaOODSP)9.816666 |
| 856 | 40|ahttp://publications.gc.ca|qPDF|s3.10 MB|uhttps://publications.gc.ca/collections/collection_2016/feddevontario/Iu96-4-2015.pdf |